| Tag |
First Indicator |
Second Indicator |
Subfields |
| LEADER |
00000cgm a2200000 a 4500 |
| 001 |
in00000764413 |
| 005 |
20151017052629.0 |
| 007 |
vf bbaho- |
| 008 |
870119p19851946xxu095 g vleng d |
| 035 |
|
|
|a (OCoLC)15088184
|
| 035 |
|
|
|9 ADL1121AM
|
| 040 |
|
|
|a OLE
|c OLE
|d OCL
|d m/c
|d TXA
|d UtOrBLW
|
| 049 |
|
|
|a TXAV [A10167071]
|
| 090 |
|
|
|a PN1995.9.D4
|b S76 1985
|
| 245 |
0 |
4 |
|a The stranger /
|c International Pictures, Inc. ; produced by S.P. Eagle ; directed by Orson Welles ; screenplay by Anthony Veiller.
|
| 264 |
|
2 |
|a Canoga Park, CA :
|b California Video Distributors,
|c [1985?]
|
| 300 |
|
|
|a 1 videocassette (95 min.) :
|b sound, black and white ;
|c 1/2 in.
|
| 336 |
|
|
|a two-dimensional moving image
|b tdi
|2 rdacontent
|
| 337 |
|
|
|a video
|b v
|2 rdamedia
|
| 338 |
|
|
|a videocassette
|b vf
|2 rdacarrier
|
| 490 |
1 |
|
|a Hollywood movie greats
|
| 538 |
|
|
|a VHS.
|
| 511 |
1 |
|
|a Edward G. Robinson, Loretta Young, Orson Welles, Philip Merivale, Richard Long.
|
| 508 |
|
|
|a Photography, Russell Metty ; editor, Ernest Mims ; music, Bronislaw Kaper.
|
| 500 |
|
|
|a Videocassette release of the 1946 motion picture.
|
| 520 |
|
|
|a An ex-Nazi is allowed to escape from a German war crimes prison after World War II to lead the Allies to a notorious spy who is planning to revive the Third Reich. The trail leads to a small Connecticut town where intrigue and murder combine for a tense situation.
|
| 500 |
|
|
|a "HMV8038."
|
| 500 |
|
|
|a Videorecording.
|
| 650 |
|
0 |
|a Detective and mystery films.
|
| 650 |
|
0 |
|a Feature films.
|
| 700 |
1 |
|
|a Robinson, Edward G.,
|d 1893-1973.
|
| 700 |
1 |
|
|a Welles, Orson,
|d 1915-1985.
|
| 700 |
1 |
|
|a Young, Loretta,
|d 1913-2000.
|
| 710 |
2 |
|
|a International Pictures, Incorporated.
|
| 710 |
2 |
|
|a California Video Distributors.
|
| 830 |
|
0 |
|a Hollywood movie greats.
|
| 999 |
|
|
|a MARS
|
| 999 |
f |
f |
|s e678d697-6e57-3c45-a51e-05121c2fe218
|i 34402b45-f946-3abc-8d7d-d4badbd7a588
|t 0
|